000 01064nam a2200277 i 4500
001 105293
003 ES-MaACL
005 20250928125741.0
007 t|
008 060623s1968 sp ||||1| spa d
080 _a75 Marco, Custodio (083.82)
100 1 _aMarco, Custodio.
_976458
245 1 0 _aCustodio Marco
_b: [exposición, Sala del Prado del Ateneo de Madrid, febrero de 1968] /
_c[texto: Cirilo Popovici].
260 _a[Madrid] :
_bPublicaciones Españolas,
_c[1968]
300 _a[12] p. :
_bil. ;
_c23 cm.
490 1 _aCuadernos de arte. Serie divulgación ;
_v99
600 1 4 _aMarco, Custodio-
_vExposiciones.
_976459
610 2 7 _aAteneo de Madrid-
_vExposiciones-
_y1960-1969.
_91920
655 7 _2tgfbne
_9193628
_aCatálogos de exposiciones
700 1 _aPopovici, Cirilo L.,
_d1902-1995
_993104
710 2 _aAteneo de Madrid.
_bSala del Prado.
_91965
830 0 _aCuadernos de arte. Serie divulgación ;
_v99
_9184876
852 _aES-MaACL
_j2205-F-17
_9109236
_bR.137760
_cDEPOF
942 _2udc
_cFOLLETOS
999 _c105293
_d105293